18-福井県の市町村クイズ(1999年) - Statistics

General Stats
  • This quiz has been taken 154 times
  • The average score is 22 of 35
Answers on the Map
Answers color-coded by a green-red scale on the quiz's map according to % correct below.
 
Answer Stats
Answer % Correct
福井ふくい
90%
勝山かつやま
87%
鯖江さばえ
87%
敦賀つるが
87%
小浜おばま
86%
大野おおの
84%
武生たけふ
81%
永平寺えいへいじちょう
76%
池田いけだちょう
75%
芦原あわらちょう
73%
美浜みはまちょう
71%
高浜たかはまちょう
70%
三国みくにちょう
68%
大飯おおいちょう
67%
坂井さかいちょう
67%
今庄いまじょうちょう
63%
春江はるえちょう
62%
越前えちぜんちょう
60%
南条なんじょうちょう
60%
越廼こしのむら
57%
三方みかたちょう
57%
金津かなづちょう
56%
和泉いずみむら
54%
名田庄なたしょうむら
54%
上中かみなかちょう
52%
丸岡まるおかちょう
52%
上志比かみしひむら
51%
松岡まつおかちょう
51%
今立いまだてちょう
46%
美山みやまちょう
44%
織田おたちょう
41%
河野こうのむら
40%
朝日あさひちょう
35%
清水しみずちょう
33%
宮崎みやざきむら
33%
No matching quizzes found
Score Distribution
Percent of People with Each Score
Percentile by Number Answered
Your Score History
You have not taken this quiz